[Event "Challenge"]
[Site "http://www.queenalice.com/game.php?id=1286239"]
[Date "2014.6.6"]
[Round "-"]
[White "tucuman"]
[Black "ladyofknight"]
[Result "0-1"]
[WhiteElo "1726"]
[BlackElo "1750"]

1. e4 c5 2. c4 e6 3. d3 Nc6 4. Nf3 Nf6 5. Nc3 h6 6. h3 d5 7. exd5 exd5 8. cxd5
Nxd5 9. Be2 Nf6 10. a3 Qa5 11. Bd2 Qd8 12. Be3 Bd6 13. Nb5 O-O 14. Nxd6 Qxd6 15.
Qc1 b6 16. O-O Nd5 17. Bd2 Bb7 18. Re1 Rfe8 19. Rb1 Re7 20. Qc2 Nd4 21. Nxd4
cxd4 22. b4 Qg6 23. f3 Rc8 24. Qb3 Re6 25. Kh1 Ne3 26. Bxe3 Rxe3 27. Qb2 Rd8 28.
Kg1 Bxf3 29. Bxf3 Rxf3 30. Rf1 Rxd3 31. Rbe1 Rxh3 32. Qf2 Rxa3 33. b5 a6 34.
bxa6 Rxa6 35. Rd1 d3 36. Qe3 Ra2 37. Rf2 Rxf2 38. Qxf2 b5 39. Qd2 Qg5 40. Qa5 d2
41. Qb4 Rd3 42. Kf1 Qf6+ 43. Kg1 Qd4+ 44. Qxd4 Rxd4 45. Kf2 b4 46. Ke2 b3 47.
Rxd2 Rxd2+ 48. Kxd2 f5 49. Kc3 g5 50. Kxb3 Kg7 51. Kc3 Kf6 52. Kd3 Ke5 53. Ke3
h5 54. g3 f4+ 55. gxf4+ gxf4+ 56. Kf3 Kf5 57. Kg2 Ke4 58. Kf2 h4 59. Kg2 f3+ 60.
Kf2 Kf4 61. Kf1 Ke3 62. Ke1 h3 0-1

[Event "Challenge"]
[Site "http://www.queenalice.com/game.php?id=1286240"]
[Date "2014.6.6"]
[Round "-"]
[White "ladyofknight"]
[Black "tucuman"]
[Result "0-1"]
[WhiteElo "1768"]
[BlackElo "1796"]

1. e4 e5 2. Nf3 d6 3. Bc4 h6 4. d4 Nc6 5. dxe5 Be6 6. Bxe6 fxe6 7. Nc3 Qe7 8.
exd6 Qxd6 9. Bd2 O-O-O 10. O-O a6 11. g3 g5 12. g4 Nf6 13. h3 Qe7 14. Qe2 Bg7
15. Rad1 Kb8 16. a3 Nd7 17. b4 Bf6 18. Ra1 h5 19. Kg2 hxg4 20. hxg4 Qh7 0-1

[Event "Challenge"]
[Site "http://www.queenalice.com/game.php?id=1286513"]
[Date "2014.6.7"]
[Round "-"]
[White "Leofelix"]
[Black "ladyofknight"]
[Result "0-1"]
[WhiteElo "1867"]
[BlackElo "1728"]

1. e4 c5 2. Bc4 e6 3. Nf3 d5 4. exd5 exd5 5. Bb5+ Nd7 6. Ne5 Nf6 7. Qe2 Be7 8.
d3 O-O 9. O-O Nxe5 10. Qxe5 Bd6 11. Qg5 h6 12. Qd2 Bd7 13. Bxd7 Qxd7 14. f3 Qc7
15. g3 d4 16. c4 a6 17. Qf2 b5 18. Nd2 bxc4 19. Nxc4 Nd5 20. Nxd6 Qxd6 21. Bf4
Nxf4 22. gxf4 Qxf4 23. Rae1 Rfe8 24. Rxe8+ Rxe8 25. Re1 Rxe1+ 26. Qxe1 Qxf3 27.
Qg3 Qd1+ 28. Kg2 Qc2+ 29. Kh3 Qxb2 30. Qc7 Qa3 31. Qd8+ Kh7 32. Qd5 Qxd3+ 33.
Kg4 Qe2+ 34. Kf4 Qxh2+ 35. Kf5 Qh5+ 36. Ke4 Qxd5+ 37. Kxd5 d3 38. Kxc5 d2 39.
Kb6 d1=Q 40. Kxa6 Qb1 41. Ka5 Qxa2+ 42. Kb4 Qc2 43. Kb5 Qc3 44. Kb6 Qc4 45. Ka5
Qb3 46. Ka6 f5 47. Ka5 f4 48. Ka6 f3 49. Ka5 f2 50. Ka6 f1=Q+ 51. Ka7 Qa1# 0-1

[Event "Challenge"]
[Site "http://www.queenalice.com/game.php?id=1286514"]
[Date "2014.6.7"]
[Round "-"]
[White "ladyofknight"]
[Black "Leofelix"]
[Result "0-1"]
[WhiteElo "1741"]
[BlackElo "1843"]

1. e4 e5 2. Nf3 Nc6 3. Bb5 Bd6 4. Bxc6 dxc6 5. h3 Nf6 6. d4 Qe7 7. Bg5 h6 8. Bh4
g5 9. Bg3 Nxe4 10. dxe5 Nxg3 11. fxg3 Bxe5 12. Nc3 Bxc3+ 13. Kf1 Bxb2 14. Rb1
Qf6 15. Qd2 Bc3 16. Qe3+ Be6 17. Rxb7 Kd7 18. Rxa7 Bc4+ 19. Kg1 Rhe8 20. Ne5+
Bxe5 21. Qd2+ Bd5 22. Kh2 Rxa7 0-1

[Event "Challenge"]
[Site "http://www.queenalice.com/game.php?id=1293214"]
[Date "2014.7.7"]
[Round "-"]
[White "tucuman"]
[Black "ladyofknight"]
[Result "0-1"]
[WhiteElo "1675"]
[BlackElo "1765"]

1. e4 c5 2. c4 Nc6 3. d3 g6 4. Nc3 Bg7 5. Bd2 d6 6. Rb1 Nf6 7. h3 O-O 8. Nf3 e5
9. Nd5 Nxd5 10. cxd5 Nd4 11. Nxd4 cxd4 12. g3 h5 13. Bg2 b6 14. h4 Ba6 15. Qe2
Qd7 16. O-O Rac8 17. b3 Rc2 18. a4 Bh6 19. Rbd1 Rb2 20. b4 Qxa4 21. Rfe1 Bxd2
22. Rxd2 Rxb4 23. Qf3 Bc8 24. Kh2 Kg7 25. Qd1 Qd7 26. Qc2 Rb5 27. Rb1 Rxb1 28.
Qxb1 b5 29. Rb2 Ba6 30. Qd1 Rc8 31. Ra2 Qb7 32. Qb3 b4 33. Ra4 Rc3 34. Qxb4 Qxb4
35. Rxb4 Bxd3 36. Rb7 a6 37. Rb6 Rc7 38. Rxd6 Ra7 39. Rb6 a5 40. Rb3 Bc4 41. Rb2
a4 42. Rb1 a3 43. Ra1 a2 44. f4 f6 45. Bf3 Rb7 46. fxe5 Rb1 0-1

[Event "Challenge"]
[Site "http://www.queenalice.com/game.php?id=1293216"]
[Date "2014.7.7"]
[Round "-"]
[White "ladyofknight"]
[Black "tucuman"]
[Result "0-1"]
[WhiteElo "1777"]
[BlackElo "1611"]

1. e4 e5 2. Nf3 d6 3. d4 exd4 4. Nxd4 Bd7 5. Nc3 Nc6 6. Bb5 Nf6 7. O-O Nxd4 8.
Bxd7+ Qxd7 9. Qxd4 Be7 10. Re1 O-O 11. e5 Ne8 12. h3 a6 13. exd6 Qxd6 14. Nd5
Bf6 15. Nxf6+ Nxf6 16. Qxd6 cxd6 17. c4 b5 18. cxb5 axb5 19. b4 d5 20. Bb2 Rfe8
21. Bxf6 gxf6 22. Rxe8+ Rxe8 23. g3 d4 24. a4 bxa4 25. Rxa4 d3 26. Ra2 Re2 27.
Ra8+ Kg7 28. Kf1 Rb2 29. Ke1 Rxb4 30. Kd2 Rb3 31. Rd8 h5 32. Rxd3 Rb2+ 33. Ke3
Rb1 34. h4 Re1+ 35. Kf4 Rf1 36. f3 Kg6 37. Rd5 Re1 38. g4 hxg4 39. h5+ Kg7 40.
Kxg4 Rg1+ 41. Kf4 Kh6 42. Kf5 Rg5+ 43. Ke4 Rxd5 44. Kxd5 Kxh5 45. Ke4 Kg5 46.
f4+ Kg6 47. Kf3 Kf5 48. Kg3 Ke4 49. Kg4 f5+ 50. Kg3 Ke3 0-1

[Event "Challenge"]
[Site "http://www.queenalice.com/game.php?id=1296323"]
[Date "2014.7.21"]
[Round "-"]
[White "Moloch"]
[Black "ladyofknight"]
[Result "1-0"]
[WhiteElo "2026"]
[BlackElo "1728"]

1. e4 c5 2. Nf3 d6 3. Bc4 Nf6 4. Nc3 Bd7 5. O-O g6 6. d4 b6 7. d5 a6 8. e5 Ng4
9. exd6 exd6 10. Re1+ Be7 11. h3 Nf6 12. Bh6 b5 13. Bf1 Ng8 14. Bg7 1-0

[Event "OS INCLIVEIS"]
[Site "http://www.queenalice.com/game.php?id=1298201"]
[Date "2014.7.30"]
[Round "-"]
[White "adelio"]
[Black "ladyofknight"]
[Result "1-0"]
[WhiteElo "1750"]
[BlackElo "1754"]

1. d4 Nf6 2. c4 e6 3. a3 d5 4. Nc3 Be7 5. Bg5 c6 6. Bxf6 Bxf6 7. e4 Qa5 8. e5
Be7 9. Be2 O-O 10. c5 a6 11. Nf3 b5 12. h4 Qd8 13. h5 h6 14. g3 f6 15. Nh4 fxe5
16. Ng6 Rf6 17. Nxe7+ Qxe7 18. dxe5 Rf5 19. Qd4 Qg5 20. Rd1 Rxe5 21. Rh4 Qe7 22.
Qxe5 Nd7 23. Qd6 Qxd6 24. cxd6 Ne5 25. f4 Nf7 26. Bd3 Nxd6 27. Bg6 Bd7 28. g4
Nc4 29. g5 Ne3 30. Rd2 c5 31. gxh6 gxh6 32. Nd1 Nxd1 33. Kxd1 Rf8 34. Rg2 Kh8
35. Rg1 a5 36. Rhg4 e5 37. R4g2 Rxf4 38. Bf5 Rd4+ 39. Ke2 Bxf5 40. Rg8+ Kh7 41.
R1g7# 1-0

[Event "Challenge"]
[Site "http://www.queenalice.com/game.php?id=1299260"]
[Date "2014.8.4"]
[Round "-"]
[White "ladyofknight"]
[Black "Moloch"]
[Result "0-1"]
[WhiteElo "1738"]
[BlackElo "2212"]

1. e4 e5 2. Nf3 d6 3. d4 exd4 4. Nxd4 Be7 5. Nc3 Nf6 6. Be2 O-O 7. Nf3 b6 8. h3
Bb7 9. Bd3 Nbd7 10. O-O c6 11. a4 a5 12. b3 Ne5 13. Nxe5 dxe5 14. Bg5 h6 15.
Bxf6 Bxf6 16. Rb1 Qe7 17. Na2 Rad8 18. Qf3 Rd6 19. Qf5 Bc8 20. Qh5 Bb7 21. Rbe1
Bg5 22. g3 g6 23. Qf3 Rf6 24. Qd1 h5 25. h4 Bh6 26. Qe2 Bc8 27. Kg2 Qd7 28. Rh1
Qd4 29. Rd1 Bg4 0-1

[Event "OS INCLIVEIS"]
[Site "http://www.queenalice.com/game.php?id=1299450"]
[Date "2014.8.4"]
[Round "-"]
[White "ladyofknight"]
[Black "adelio"]
[Result "1-0"]
[WhiteElo "1738"]
[BlackElo "1787"]

1. e4 g6 2. d4 c5 3. dxc5 e5 4. Nf3 Nc6 5. Bb5 a6 6. Bxc6 bxc6 7. Nxe5 Ra7 8.
Nf3 Bxc5 9. Qe2 d6 10. Nc3 Nf6 11. O-O Ng4 12. Bg5 f6 13. Bh4 h5 14. h3 g5 15.
Bxg5 Nxf2 16. Rxf2 Bxf2+ 17. Qxf2 Rg7 18. Bf4 Bxh3 19. Nh4 Rhg8 20. Kh2 Bxg2 21.
Nxg2 Rxg2+ 22. Qxg2 Kf7 23. Qh3 h4 24. Qxh4 Rh8 25. Bh6 d5 26. Rf1 Qd6+ 27. Rf4
Rxh6 28. Qxh6 Ke7 29. Qg7+ Kd8 30. Qxf6+ Kd7 31. Qg7+ Qe7 32. Rf7 Qxf7 33. Qxf7+
Kd6 34. exd5 Kc5 35. Qe7+ Kb6 36. d6 a5 37. d7 Ka6 38. d8=Q c5 39. Qdd6# 1-0

[Event "Let's Play Chess!"]
[Site "http://www.queenalice.com/game.php?id=1309758"]
[Date "2014.9.22"]
[Round "-"]
[White "ladyofknight"]
[Black "cdare"]
[Result "1-0"]
[WhiteElo "1715"]
[BlackElo "1835"]

1. e4 e5 2. Nf3 Nc6 3. Bb5 Nge7 4. O-O d6 5. d4 a6 6. Ba4 b5 7. Bb3 Bg4 8. Be3
g6 9. Nbd2 Bg7 10. h3 Bxf3 11. Nxf3 O-O 12. Qd2 Kh8 13. Bh6 Bxh6 14. Qxh6 Ng8
15. Qe3 exd4 16. Nxd4 Nxd4 17. Qxd4+ Qf6 18. Qxf6+ Nxf6 19. Rfe1 Nd7 20. Re3 Nc5
21. c4 Nxb3 22. axb3 b4 23. Ra5 f6 24. c5 dxc5 25. Rxc5 Rfc8 26. e5 f5 27. f4 c6
28. Rd3 h5 29. Rd6 Kg7 30. Rcxc6 Rxc6 31. Rxc6 Ra7 32. e6 a5 33. Rd6 Re7 34. Rd7
Kf6 35. Rd5 Rxe6 36. Rxa5 Re2 37. Rb5 Rxb2 38. Rxb4 Re2 39. Kf1 Re4 40. Rxe4
fxe4 41. b4 Ke6 42. b5 Kd7 43. Ke2 Kc7 44. Ke3 Kb6 45. Kxe4 Kxb5 46. f5 gxf5+
47. Kxf5 Kc5 48. g4 hxg4 49. hxg4 Kd6 50. Kf6 Kd7 51. Kf7 Kd6 52. g5 Ke5 53. g6
Kf5 54. g7 Ke5 55. g8=Q Kd4 56. Qg5 Ke4 57. Ke6 Kd4 58. Qe5+ Kc4 59. Qd5+ Kb4
60. Qc6 Kb3 61. Kd5 Kb4 62. Kd4 Kb3 63. Qc3+ Ka2 64. Qb4 Ka1 65. Kc3 1-0

[Event "Challenge"]
[Site "http://www.queenalice.com/game.php?id=1310003"]
[Date "2014.9.23"]
[Round "-"]
[White "cdare"]
[Black "ladyofknight"]
[Result "1-0"]
[WhiteElo "1804"]
[BlackElo "1738"]

1. e4 c5 2. Nf3 d6 3. c3 Nf6 4. Bb5+ Bd7 5. Bxd7+ Nbxd7 6. d3 e5 7. Be3 b6 8.
Nbd2 d5 9. O-O h6 10. exd5 Nxd5 11. Qe2 Bd6 12. Ne4 Nxe3 13. Qxe3 O-O 14. Nxd6
f6 15. Nh4 Qc7 16. Ndf5 Kh7 17. Qg3 Rg8 18. Qg6+ Kh8 19. Ne7 Nf8 20. Qf7 Kh7 21.
Qxg8# 1-0

[Event "Challenge"]
[Site "http://www.queenalice.com/game.php?id=1333903"]
[Date "2015.1.9"]
[Round "-"]
[White "cdare"]
[Black "ladyofknight"]
[Result "1-0"]
[WhiteElo "1832"]
[BlackElo "1720"]

1. e4 c5 2. Nf3 d6 3. Bb5+ Bd7 4. Bxd7+ Qxd7 5. c3 Nf6 6. d3 d5 7. e5 Nh5 8. Be3
e6 9. Ng5 g6 10. O-O d4 11. cxd4 cxd4 12. Bd2 Nc6 13. f4 Qd5 14. Na3 Bxa3 15.
bxa3 O-O 16. Qb3 b6 17. Qxd5 exd5 18. Bb4 Rfd8 19. Rac1 Rac8 20. g4 Ng7 21. h3
Nxb4 22. axb4 Ne6 23. Nxe6 fxe6 24. a3 Rc3 25. Rxc3 dxc3 26. d4 c2 27. Kg2 Rc8
28. Rc1 Rc3 29. a4 Kg7 30. h4 Rc4 31. a5 Rxb4 32. axb6 axb6 33. Rxc2 Kh6 34. Rc6
Rxd4 35. Kf3 Rd3+ 36. Kg2 d4 37. Rxb6 Rc3 38. Rxe6 d3 39. Rd6 Rc2+ 40. Kf1 d2
41. Ke2 d1=Q+ 42. Kxd1 Rg2 43. f5 Rxg4 44. f6 Rf4 45. Kd2 Rxh4 46. e6 Rh2+ 47.
Kc3 Rf2 48. e7 Rf3+ 49. Rd3 1-0

[Event "Challenge"]
[Site "http://www.queenalice.com/game.php?id=1340795"]
[Date "2015.2.11"]
[Round "-"]
[White "dontar"]
[Black "ladyofknight"]
[Result "1-0"]
[WhiteElo "1728"]
[BlackElo "1736"]

1. d4 Nf6 2. Nc3 d5 3. Bf4 Nc6 4. e3 g6 5. Bb5 Bd7 6. f3 a6 7. Bxc6 Bxc6 8. Nge2
Nh5 9. Be5 f6 10. Bg3 e6 11. a3 Nxg3 12. Nxg3 Qd6 13. O-O e5 14. a4 Qb4 15. dxe5
fxe5 16. Nxd5 Qd6 17. c4 Bxd5 18. Qxd5 Qxd5 19. cxd5 Bc5 20. Kf2 O-O-O 21. Rfd1
Rd7 22. Ne4 Bd6 23. Rac1 Kb8 24. Nf6 Rf7 25. Ne4 h5 26. h4 Rd8 27. Ng5 Rf5 28.
Ne4 Rdf8 29. Ng3 e4 30. Nxf5 Rxf5 31. f4 b6 32. Rd4 Kb7 33. Rcc4 b5 34. axb5 a5
35. b3 Kb6 36. Rxe4 Kxb5 37. Re8 Rxd5 38. Ke2 Rc5 39. Rb8+ Kc6 40. g3 Kd5 41.
Rd4+ Kc6 42. Kd3 Kd7 43. b4 axb4 44. Rbxb4 Ke6 45. Rb8 Kd7 46. Rg8 Rc1 47. Rxg6
Rg1 48. Ke2 Kc6 49. Kf2 Rc1 50. Rg5 Kb6 51. Rxh5 1-0

[Event "Challenge"]
[Site "http://www.queenalice.com/game.php?id=1354638"]
[Date "2015.4.20"]
[Round "-"]
[White "cyrano"]
[Black "ladyofknight"]
[Result "0-1"]
[WhiteElo "1726"]
[BlackElo "1698"]

1. e4 c5 2. c3 Nf6 3. e5 Nd5 4. Qf3 e6 5. a3 Nc6 6. d4 Qa5 7. b4 cxb4 8. cxb4
Ndxb4 9. Bd2 Nc2+ 10. Kd1 Qa4 11. Kc1 Nxa1 12. Qc3 Nb3+ 13. Kb2 Nxd2 14. Nxd2 g6
15. Ngf3 Bh6 16. Bc4 Bxd2 17. Nxd2 O-O 18. Ne4 b5 19. Bb3 Qa6 20. Qc5 Bb7 21.
Nf6+ Kg7 22. Nxd7 Rfd8 23. Qd6 b4 24. axb4 Nxb4 25. Nc5 Qe2+ 26. Kc3 Rxd6 27.
exd6 Nd5+ 28. Bxd5 Bxd5 29. Nd3 Rc8+ 30. Nc5 Qc4+ 31. Kd2 Qxd4+ 32. Nd3 Be4 33.
d7 Qxd3+ 34. Ke1 Rc1# 0-1

[Event "Challenge"]
[Site "http://www.queenalice.com/game.php?id=1364309"]
[Date "2015.6.8"]
[Round "-"]
[White "ladyofknight"]
[Black "cdare"]
[Result "0-1"]
[WhiteElo "1710"]
[BlackElo "1910"]

1. e4 e5 2. Nf3 Nc6 3. Bb5 Nge7 4. O-O g6 5. d4 a6 6. Bxc6 Nxc6 7. dxe5 Bg7 8.
Bg5 f6 9. exf6 Bxf6 10. Bxf6 Qxf6 11. c3 d6 12. Re1 Bg4 13. Nbd2 O-O-O 14. h3
Bxf3 15. Qxf3 Qg5 16. Rad1 Ne5 17. Qe3 Qxe3 18. Rxe3 h5 19. b3 g5 20. Nc4 Nxc4
21. Re2 Na3 22. g3 Rdf8 23. Rd5 Rhg8 24. f4 gxf4 25. Rf5 Rxg3+ 26. Kh2 Rxf5 27.
exf5 Rg8 28. c4 Rf8 29. Rf2 Rxf5 30. h4 Nb1 31. Kg2 Nc3 32. a4 Nd1 33. Rf3 Ne3+
34. Kf2 Ng4+ 35. Kg2 c6 36. Kf1 Nh2+ 0-1

[Event "Challenge"]
[Site "http://www.queenalice.com/game.php?id=1366143"]
[Date "2015.6.17"]
[Round "-"]
[White "cdare"]
[Black "ladyofknight"]
[Result "0-1"]
[WhiteElo "1867"]
[BlackElo "1702"]

1. e4 c5 2. Nf3 d6 3. Bb5+ Bd7 4. Bxd7+ Nxd7 5. c3 e5 6. d3 h6 7. Be3 Ngf6 8.
Nbd2 d5 9. O-O d4 10. cxd4 cxd4 11. Bxd4 exd4 12. Nxd4 Ne5 13. N2f3 Nxf3+ 14.
Nxf3 Bb4 15. a3 Bc5 16. b4 Bd4 17. Nxd4 Qxd4 18. Qa4+ Nd7 19. Rfd1 O-O 20. Rac1
Nf6 21. Qa5 Rac8 22. Qb5 b6 23. Rc4 Rxc4 24. Qxc4 Rd8 25. Qc7 Nxe4 26. Rf1 Qxd3
27. h3 Ra8 28. Rc1 Qd4 29. Rc2 Qd1+ 30. Kh2 Qd6+ 31. Qxd6 Nxd6 32. f4 Rc8 33.
Rd2 Nc4 34. Rc2 b5 35. Rc3 Re8 36. Kg3 Re3+ 37. Rxe3 Nxe3 38. Kf3 Nc2 0-1

[Event "Challenge"]
[Site "http://www.queenalice.com/game.php?id=1382343"]
[Date "2015.9.10"]
[Round "-"]
[White "ladyofknight"]
[Black "cdare"]
[Result "0-1"]
[WhiteElo "1725"]
[BlackElo "1910"]

1. e4 e5 2. Nf3 Nc6 3. Bc4 Bc5 4. O-O Nf6 5. Nc3 d6 6. Ng5 O-O 7. a3 a6 8. Qe2
Bg4 9. Nf3 Nd4 10. h3 Nxe2+ 11. Nxe2 Bxf3 12. gxf3 b5 13. Bb3 Kh8 14. d3 h6 15.
Ng3 Nh7 16. Be3 Bxe3 17. fxe3 Qh4 18. Kh2 Ng5 19. Kg2 Qxh3+ 20. Kf2 Qh2+ 21. Ke1
Qxg3+ 22. Kd2 Nxf3+ 23. Kc3 Qg2 24. Rfd1 c5 25. Bd5 Rad8 0-1

[Event "Challenge"]
[Site "http://www.queenalice.com/game.php?id=1390475"]
[Date "2015.10.23"]
[Round "-"]
[White "cdare"]
[Black "ladyofknight"]
[Result "1-0"]
[WhiteElo "1804"]
[BlackElo "1691"]

1. e4 c5 2. Nf3 Nc6 3. Bb5 g6 4. c3 Nf6 5. d3 d6 6. Be3 Bd7 7. Nbd2 a6 8. Bxc6
Bxc6 9. O-O e5 10. b3 Bg7 11. h3 Qc7 12. c4 O-O 13. Nh2 b5 14. f4 Nd7 15. fxe5
Nxe5 16. Ndf3 Nxf3+ 17. Nxf3 b4 18. Rb1 Qa5 19. Rf2 Qc7 20. Qc1 Qe7 21. Bh6 f6
22. Qd2 a5 23. Rbf1 a4 24. Bxg7 Qxg7 25. Nh2 axb3 26. axb3 Ra3 27. Qb2 Ra7 28.
Qd2 f5 29. exf5 Qd4 30. Qg5 Kg7 31. Kh1 Qxd3 32. Ng4 Kh8 33. Qh6 Rg8 34. fxg6
Qxg6 35. Qe3 Re8 36. Qd2 Rae7 37. Rf6 Qh5 38. Qxd6 Qxh3+ 39. Qh2 Qxh2+ 40. Kxh2
Kg7 41. R6f5 1-0

[Event "Challenge"]
[Site "http://www.queenalice.com/game.php?id=1394686"]
[Date "2015.11.17"]
[Round "-"]
[White "Mr_SPOCK"]
[Black "ladyofknight"]
[Result "1-0"]
[WhiteElo "1818"]
[BlackElo "1716"]

1. e4 c5 2. e5 Nc6 3. Nf3 e6 4. Nc3 a6 5. Bc4 b5 6. Bb3 d6 7. d4 cxd4 8. Nxd4
Qb6 9. Be3 dxe5 10. Nf3 Bc5 11. Bxc5 Qxc5 12. Ne4 Qb4+ 13. Ned2 Bb7 14. c3 Qf4
15. g3 Qg4 16. Qe2 Nge7 17. h3 Qg6 18. a4 O-O 19. Nh4 Qg5 20. Ne4 Qh6 21. f3 b4
22. Qf2 Na5 23. Bc2 f5 24. Nd6 Bd5 25. cxb4 Nc4 26. Nxc4 Rac8 27. Nd6 Rc6 28.
Nb7 Rc4 29. g4 Bxb7 30. Rg1 fxg4 31. hxg4 Qg5 32. b3 Rc3 33. f4 Rxf4 34. Bxh7+
1-0

[Event "Challenge"]
[Site "http://www.queenalice.com/game.php?id=1405768"]
[Date "2016.1.23"]
[Round "-"]
[White "ladyofknight"]
[Black "cdare"]
[Result "0-1"]
[WhiteElo "1704"]
[BlackElo "1791"]

1. e4 e5 2. Nf3 Nc6 3. Bb5 Nge7 4. O-O d6 5. d4 Bd7 6. Nc3 g6 7. d5 Nb4 8. Re1
Bg7 9. a3 Bxb5 10. axb4 Qd7 11. Ra5 c6 12. Nxb5 cxb5 13. Qd3 a6 14. Be3 O-O 15.
c4 bxc4 16. Qxc4 Rac8 17. Qe2 Qg4 18. h3 Qxe4 19. Qd2 Rc2 20. Qd1 Rxb2 21. Ng5
Qxb4 22. Qa1 Nf5 23. Ra4 Qb3 24. Rb1 Rxb1+ 0-1